Statistiques concernant Anglicismes par définition

Cliquez ici pour prendre le quiz!

Statistiques générales

  • Ce quiz a été pris 79 fois
    (74 depuis la dernière actualisation)
  • Le résultat moyen est 17 sur 19

Statistiques - réponses

Genre Définition Réponse % Correct
Nom MasculinEnsemble d'emplacements pour garer les voitures en sous-sol d'un immeuble ou au pied de celui-ci ; chacun de ces emplacements.Parking
100%
Nom MasculinCongé de fin de semaine, comprenant généralement l'après-midi du samedi, ou le samedi entier, et la journée du dimanche.Week-End
100%
Nom MasculinActivité de plein air consistant à vivre sous la tente avec un matériel adéquat. Terrain aménagé pour cette activité.Camping
97%
Nom Masculin InvariableGrains de maïs soufflés et éclatés à la chaleur, généralement enrobés de caramel.Pop-corn
97%
Nom MasculinPâte à mâcher constituée d'un mélange de gomme chicle et de résines, auquel on incorpore du sucre glace, du sirop de glucose et des aromates.Chewing-Gum
94%
Nom MasculinSport dans lequel deux équipes de onze joueurs chacune cherchent à envoyer dans le but adverse un ballon sphérique, avec les pieds, la tête ou toute autre partie du corps (excepté la main ou le bras).Football
94%
Nom MasculinAutoportrait photographique, généralement réalisé avec un téléphone intelligent et destiné à être publié sur les réseaux sociaux.Selfie
93%
Nom MasculinTéléphone mobile disposant en général d'un écran tactile et d'un appareil photographique numérique, et des fonctions d'un assistant numérique personnel et d'un ordinateur portable.Smartphone
91%
Nom MasculinProposition de boire à la santé de quelqu'un, au succès d'une entreprise, souvent accompagnée d'un petit discours. / Tranche de pain grillée.Toast
90%
Nom MasculinDéfaut de conception ou de réalisation d'un programme informatique, qui se manifeste par des anomalies de fonctionnement de l'ordinateur.Bug
90%
Nom MasculinSéchage et mise en forme simultanés des cheveux à l'aide d'une brosse ou d'un peigne et d'un séchoir à main ou d'un peigne soufflant.Brushing
88%
NomFan d’informatique, de science-fiction, de jeux vidéo, etc., toujours à l’affût des nouveautés et des améliorations à apporter aux technologies numériques.Geek
87%
Nom MasculinLivre à forte vente ; grand succès de librairie. / Gros succès commercial.Best-seller
84%
Adjectif Invariable(Familier) Calme, décontracté, détendu.Cool
82%
Nom MasculinAux cartes, attitude de quelqu'un qui veut donner le change sur son jeu. / Attitude, action destinée à faire illusion, à tromper sur ses forces, ses possibilités réelles.Bluff
78%
Nom MasculinObjectif photographique à focale variable. / Effet obtenu avec cet objectif en faisant varier la focale pendant la prise de vues.Zoom
75%
Nom MasculinInformation importante ou sensationnelle qu'un journaliste ou un organe de presse annonce en primeur ou en exclusivité, avant tout autre.Scoop
75%
Nom MasculinSituation difficile, se présentant à quelqu'un ou à un groupe, et constituant pour lui un défi à relever ; le défi lui-même.Challenge
72%
Nom MasculinToile de coton et de lin, généralement de couleur bleue, utilisée abondamment dès le XVIe siècle.Jean
65%

Distribution des résultats

Percentile par nombre de réponses

% des personnes avec chaque résultat

Votre développement - résultats

Vous n’avez pas pris ce quiz depuis la dernière actualisation